You won't guess any of this - Statistics

General Stats
  • This quiz has been taken 12 times
  • The average score is 4 of 10
Answer Stats
Hint Answer % Correct
Sorry It's ok
71%
π÷7 0.4487
57%
Only one you can get Only one you can get
43%
1×Ω Ω
29%
Ahhhhhhh hhhhhhhA
29%
Computer Iphone
29%
Football Tennis
29%
Hikgft Tfgkih
29%
The one aboves is it's answer Window into happy
29%
837183x837183 700,857,375,489
14%
No matching quizzes found
Score Distribution
Percent of People with Each Score
Percentile by Number Answered
Your Score History
You have not taken this quiz